All-Time Italian Football Honours - Statistics

General Stats
  • This quiz has been taken 440 times
  • The average score is 14 of 18
Answer Stats
Answer % Correct
Juventus
100%
AC Milan
99%
Internazionale
99%
Lazio
98%
Napoli
98%
Roma
98%
Fiorentina
91%
Torino
88%
Parma
84%
Sampdoria
84%
Genoa
83%
Bologna
78%
Atalanta
75%
Cagliari
75%
Hellas Verona
63%
Venezia
50%
Pro Vercelli
45%
Vicenza
30%
No matching quizzes found
Score Distribution
Percent of People with Each Score
Percentile by Number Answered
Your Score History
You have not taken this quiz